[Event "USCL Week 9"]
[Site "Internet Chess Club"]
[Date "2011.10.26"]
[Round "?"]
[White "Mikhailuk, Slava"]
[Black "Karlow, Nick"]
[Result "1-0"]
[WhiteElo "2415"]
[BlackElo "2068"]
[PlyCount "77"]
[EventDate "2011.??.??"]

1. c4 Nf6 2. Nc3 g6 3. e4 d6 4. d4 Bg7 5. f3 O-O 6. Be3 c6 7. Qd2 e5 8. d5 a6
9. O-O-O cxd5 10. cxd5 b5 11. g4 b4 12. Nce2 a5 13. g5 Nfd7 14. h4 Na6 15. h5
a4 16. Kb1 Ndc5 17. Ng3 Qa5 18. Qh2 Re8 19. hxg6 hxg6 20. f4 b3 21. a3 exf4 22.
Bxf4 Qd8 23. Nf5 gxf5 24. Bxd6 Re7 25. e5 Ne4 26. Bxe7 Qxe7 27. Nf3 Bd7 28. g6
fxg6 29. Qh7+ Kf7 30. e6+ Bxe6 31. dxe6+ Qxe6 32. Bc4 Qxc4 33. Ne5+ Kf6 34.
Qxg6+ Kxe5 35. Qxg7+ Kf4 36. Rhf1+ Ke3 37. Qg1+ Ke2 38. Qg2+ Ke3 39. Qf3# 1-0

[Event "USCL Week 9"]
[Site "Internet Chess Club"]
[Date "2011.10.26"]
[Round "?"]
[White "Vigorito, David"]
[Black "Schroer, Jonathan"]
[Result "1/2-1/2"]
[WhiteElo "2547"]
[BlackElo "2435"]
[PlyCount "200"]
[EventDate "2011.??.??"]

1. d4 d5 2. c4 dxc4 3. e4 e5 4. Nf3 Bb4+ 5. Nc3 exd4 6. Nxd4 Qe7 7. Bxc4 Qxe4+
8. Kf1 Bxc3 9. bxc3 Nc6 10. Qb3 Be6 11. Nxe6 fxe6 12. Bxe6 Na5 13. Bf7+ Ke7 14.
Qd5 Qxd5 15. Bxd5 c5 16. Bf4 Nf6 17. Re1+ Kd7 18. Bf3 Rae8 19. Rd1+ Ke6 20. g4
h6 21. Kg2 b6 22. h4 Rd8 23. g5 Kf5 24. Bc1 hxg5 25. hxg5 Rxd1 26. Rxd1 Nh5 27.
Rd7 a6 28. Rf7+ Ke5 29. Bxh5 Rxh5 30. Rxg7 Nc4 31. Rf7 Rh8 32. Kg3 Rh1 33. Bf4+
Ke6 34. Rf6+ Ke7 35. Kg4 Ra1 36. Kf5 Rxa2 37. Re6+ Kf8 38. Bg3 Rc2 39. f4 Rxc3
40. Bh4 Ne3+ 41. Ke4 Ng2 42. Bf2 Rc4+ 43. Kf3 Rxf4+ 44. Kxg2 Rg4+ 45. Kf3 Rxg5
46. Rxb6 Rf5+ 47. Ke3 Ke7 48. Rxa6 Kd7 49. Bg3 Rd5 50. Bf4 Rd1 51. Ke4 c4 52.
Ra4 Re1+ 53. Be3 c3 54. Rc4 c2 55. Rxc2 Kd6 56. Rg2 Ke6 57. Rg6+ Kf7 58. Ra6
Ke7 59. Kd4 Kd7 60. Bf4 Rd1+ 61. Ke4 Re1+ 62. Kf5 Rd1 63. Be5 Re1 64. Bc3 Rc1
65. Bd4 Re1 66. Kf4 Re6 67. Ra7+ Kc6 68. Be5 Kd5 69. Ra1 Rh6 70. Ra5+ Kc4 71.
Ke4 Rh4+ 72. Bf4 Kb4 73. Ra8 Kc4 74. Rc8+ Kb4 75. Ke3 Rg4 76. Be5 Rc4 77. Rd8
Rh4 78. Bd4 Kc4 79. Bf6 Rh6 80. Be5 Rh3+ 81. Ke4 Rh4+ 82. Bf4 Rg4 83. Rc8+ Kb4
84. Ke3 Rh4 85. Bg5 Rc4 86. Be7+ Kb5 87. Rb8+ Kc6 88. Bf6 Kd5 89. Bd4 Rc1 90.
Rb5+ Kc6 91. Rh5 Kd6 92. Ke4 Re1+ 93. Be3 Ke6 94. Rh6+ Ke7 95. Kd4 Re2 96. Bg5+
Kf7 97. Kd5 Re1 98. Rf6+ Kg7 99. Rc6 Kf7 100. Bf4 Ke7 1/2-1/2

[Event "USCL Week 9"]
[Site "Internet Chess Club"]
[Date "2011.10.26"]
[Round "?"]
[White "Bercys, Salvijus"]
[Black "Bhat, Vinay"]
[Result "0-1"]
[WhiteElo "2576"]
[BlackElo "2555"]
[PlyCount "84"]
[EventDate "2011.??.??"]

1. d4 Nf6 2. c4 e6 3. Nc3 Bb4 4. Qc2 O-O 5. Nf3 c5 6. dxc5 Na6 7. c6 bxc6 8. a3
Bxc3+ 9. Qxc3 Nc5 10. Be3 Nce4 11. Qc2 d5 12. Nd2 Ba6 13. Nxe4 Nxe4 14. c5 f5
15. g3 e5 16. O-O-O Rb8 17. f3 Nf6 18. Qxf5 Qe7 19. Qc2 Bc4 20. b4 a5 21. Bd2
axb4 22. axb4 Ra8 23. Bc3 Ra2 24. Bb2 Rb8 25. Qc3 Qf7 26. e3 Bxf1 27. Rhxf1 d4
28. exd4 Nd5 29. Qb3 Qa7 30. Rf2 Rxb4 31. Qd3 Qa4 32. dxe5 Rc4+ 33. Kb1 Rb4 34.
Kc1 Rb3 35. Qe4 Qa5 36. Rc2 Re3 37. Qd4 Ra4 38. Rc4 Ra2 39. e6 Qa7 40. Qxe3
Ra1+ 41. Bxa1 Qxa1+ 42. Kd2 Qxd1+ 0-1

[Event "USCL Week 9"]
[Site "Internet Chess Club"]
[Date "2011.10.26"]
[Round "?"]
[White "Rumph, Todd"]
[Black "Labedz, Patrycja"]
[Result "0-1"]
[WhiteElo "2159"]
[BlackElo "2141"]
[PlyCount "120"]
[EventDate "2011.??.??"]

1. d4 d5 2. c4 c6 3. Nf3 Nf6 4. e3 Bf5 5. Nc3 e6 6. Nh4 Bg6 7. Be2 Nbd7 8. O-O
Bd6 9. h3 Rc8 10. Nxg6 hxg6 11. Qb3 b6 12. Rd1 Bb8 13. cxd5 exd5 14. Ba6 Rc7
15. Qc2 O-O 16. a4 Re8 17. b3 Ne4 18. Bd3 Ndf6 19. Ba3 Rd7 20. Nxe4 dxe4 21.
Bf1 Qc7 22. g3 Nd5 23. Qd2 f5 24. Rac1 g5 25. Bc4 f4 26. exf4 gxf4 27. Bxd5+
Rxd5 28. Qxf4 Qc8 29. Qg4 Qxg4 30. hxg4 e3 31. Re1 Rxd4 32. Rxe3 Rxe3 33. fxe3
Rxg4 34. Kf2 c5 35. Rg1 Kf7 36. Kf3 Rg6 37. Bb2 Rh6 38. Rg2 Rh1 39. Rd2 Rb1 40.
Kf2 g6 41. Kf3 Ke6 42. g4 a6 43. Rg2 Be5 44. Bxe5 Kxe5 45. a5 Rxb3 46. axb6
Rxb6 47. Ra2 Kd5 48. e4+ Kd4 49. Rd2+ Kc3 50. Rd5 c4 51. e5 Kb2 52. Rd6 Rb3+
53. Kf4 c3 54. e6 c2 55. Rd2 Kc3 56. Rxc2+ Kxc2 57. e7 Rb8 58. Kg5 a5 59. Kxg6
a4 60. Kf7 a3 0-1

[Event "USCL Week 9"]
[Site "Internet Chess Club"]
[Date "2011.10.26"]
[Round "?"]
[White "Finegold, Ben"]
[Black "Cozianu, Costin"]
[Result "1-0"]
[WhiteElo "2568"]
[BlackElo "2508"]
[PlyCount "107"]
[EventDate "2011.??.??"]

1. d4 d5 2. c4 c6 3. Nf3 Nf6 4. e3 e6 5. Bd3 Nbd7 6. O-O Be7 7. Nbd2 O-O 8. Qe2
b6 9. e4 dxe4 10. Nxe4 Bb7 11. Rd1 Qc7 12. Bg5 c5 13. dxc5 bxc5 14. Bc2 Rfd8
15. Bh4 Nf8 16. Bg3 Qb6 17. b3 Ng6 18. Ne5 Nxe5 19. Bxe5 Bxe4 20. Bxe4 Rxd1+
21. Rxd1 Rd8 22. Rxd8+ Qxd8 23. Bf3 Nd7 24. Bf4 Nf8 25. Qd2 Qb6 26. Be4 h6 27.
Be3 Qc7 28. g3 Bd6 29. f4 Nd7 30. Kg2 f5 31. Bf3 Nf6 32. Qe1 Kf7 33. Bd2 e5 34.
fxe5 Bxe5 35. Be3 f4 36. Bf2 fxg3 37. hxg3 Bd4 38. Bxd4 cxd4 39. Qb4 a5 40. Qb5
g5 41. Qf5 Kg7 42. c5 d3 43. c6 d2 44. Qc5 g4 45. Bd1 Kf7 46. a3 h5 47. b4 axb4
48. axb4 h4 49. Qc4+ Kg7 50. gxh4 Qe5 51. c7 Ne4 52. Qd3 Qf4 53. Qd4+ Kg6 54.
h5+ 1-0